Mrs. Dane's defence ; a play in four acts /

Bibliographic Details
Main Author: Jones, Henry Arthur, 1851-1929
Format: Book
Language:English
Published: New York, [publisher not identified] ; 1905.

MARC

Tag First Indicator Second Indicator Subfields
LEADER 00000cam a2200000 4500
001 in00000035704
005 20151007062112.0
008 800701s1905 nyu 00010 eng d
035 |a (OCoLC)06474200 
035 |9 AAD3957AM 
040 |a TXA  |c TXA  |d UtOrBLW 
049 |a TXAM  |c [5656] 
090 |a PR4827  |b .M57 1905 
092 |a 822  |b J77mis 
100 1 |a Jones, Henry Arthur,  |d 1851-1929. 
245 1 0 |a Mrs. Dane's defence ;  |b a play in four acts /  |c by Henry Arthur Jones. 
264 1 |a New York,  |b [publisher not identified] ;  |c 1905. 
300 |a 144 pages ;  |c 23 cm. 
336 |a text  |b txt  |2 rdacontent 
337 |a unmediated  |b n  |2 rdamedia 
338 |a volume  |b nc  |2 rdacarrier 
999 |a MARS 
999 f f |s 7a83bf46-24aa-3364-8f48-6f8a248bbba0  |i d4431a7c-b47d-36d1-b221-732cb9b7fb1c  |t 0 
952 f f |p ric  |a Texas A&M University  |b Rellis Campus  |c Joint Library Facility  |d Remote Storage  |t 0  |e PR4827 .M57 1905  |h Library of Congress classification  |i unmediated -- volume  |m A14801297568 
998 f f |a PR4827 .M57 1905  |t 0  |l Remote Storage